000 00546nam a2200205Ia 4500
003 GCL
008 140319s9999 xx 000 0 ara d
040 _aGCL /
_cGCL
082 0 4 _aد
_b050
100 1 _aفؤاد زكريا
245 1 0 _aالتفكير العلمى (عالم المعرفة3) /
_cفؤاد زكريا
300 _a336 ص
490 _aعالم المعرفة
_v0
650 0 4 _aالفلسفة
650 0 4 _aالثقافة
650 0 4 _aالتفكير
650 0 4 _aالمنطق
650 0 4 _aالعقل
942 _2ddc
_cBK
999 _c50220
_d50220